Statistiques concernant Villes du Bas-Rhin de plus de 10 000 hab

Cliquez ici pour prendre le quiz!

Statistiques générales

  • Ce quiz a été pris 18 fois
  • Le résultat moyen est 10 sur 15

Statistiques - réponses

VillePopulation% Correct
Strasbourg298 361
100%
Haguenau36 145
89%
Illkirch-Graffenstaden27 363
89%
Sélestat19 300
89%
Schiltigheim35 372
83%
Saverne11 458
78%
Molsheim10 033
72%
Obernai13 040
67%
Erstein10 854
61%
Lingolsheim21 317
61%
Hœnheim11 607
56%
Bischheim18 318
50%
Bischwiller12 361
44%
Ostwald13 836
44%
Brumath10 455
39%

Distribution des résultats

Percentile par nombre de réponses

% des personnes avec chaque résultat

Votre développement - résultats

Vous n’avez pas pris ce quiz